000 01440nam a2200289 a 4500
001 BRCA_2442
005 20190320203818.0
008 181108s1804----fr-#---###---#000-0dspa-u
041 _aspa
044 _afr
084 _a082
_b.P56
_c1804
100 1 _aCervantes Saavedra, Miguel de
_d1547-1616
_9213
245 1 0 _aEl Ingenioso Hidalgo Don Quixote de la Mancha
_ccompuesto por Miguel de Cervantes Saavedra
260 _aBurdeos (Francia)
_bJuan Pinard
_c1804
300 _a4 v.
_c17 cm.
500 _aContenido : v 1. Primera parte. Advertencia del editor. Noticia sobre la via de Cervantes por Quintana. Dedicatoria. Prólogo del autor. Versos preliminares. Texto. -- v 2. Texto. -- v 3. Segunda parte. Dedicatoria. Prólogo del autor. Texto. -- v 4. Texto
500 _aEdición hecha, en cuanto al texto, sobre las tres de la R. Academia Española. Contiene la noticia acerca de la vida y obra de Cervantes, escrita por Quintana. Bien impresa. Piel; con adornos dorados en las lomeras Lúdovik Osterc
500 _aQM63
650 1 4 _aNovela española
_yÉpoca clásica, 1500-1700
_9215
650 1 4 _aLiteratura española
_yÉpoca clásica, 1500-1700
_9216
650 1 4 _aNovela española
_ySiglo XVII
_9217
650 1 4 _aDon Quijote (Personaje ficticio)
_eNovela
_9218
700 1 _aQuintana, Manuel José
_d1772-1857
_eBiógrafo
_97143
740 0 _aEl Ingenioso Hidalgo Don Quijote de la Mancha
902 _aQFM
942 _2lcc
_cB
999 _c2183
_d2183